Flagge + Umriss - Länder von Europa - Statistiken

Allgemein
  • Dieses Quiz wurde 112 mal gespielt
  • Das Durchschnittsergebnis liegt bei 41 aus 45
Antwortstatistiken
Bildquiz Antwort % Korrekt
Deutschland
100%
Griechenland
98%
Spanien
98%
Vereinigtes Königreich
98%
Finnland
97%
Frankreich
97%
Island
97%
Norwegen
97%
Schweden
97%
Dänemark
96%
Portugal
96%
Russland
96%
Italien
95%
Kroatien
95%
Rumänien
95%
Tschechien
95%
Belgien
94%
Niederlande
94%
Schweiz
94%
Slowakei
94%
Ukraine
94%
Estland
93%
Irland
93%
Slowenien
93%
Albanien
91%
Nordmazedonien
91%
Polen
91%
Österreich
89%
Bosnien und Herzegowina
88%
Belarus
87%
Kosovo
87%
Malta
87%
Ungarn
86%
Luxemburg
85%
Serbien
85%
Vatikanstadt
85%
Liechtenstein
84%
Lettland
83%
Montenegro
82%
Bulgarien
81%
Moldawien
81%
Litauen
80%
Andorra
79%
San Marino
79%
Monaco
78%
Keine übereinstimmenden Quizze gefunden
Verteilung der Resultate
Anzahl Personen mit jedem Resultat
Perzentil nach korrekt beantworteten Fragen
Ihre Resultats-Entwicklung
Sie haben dieses Quiz noch nicht gespielt